The economics of travel and tourism /

Resources in tourism. Tourist types. The economics of tourism damand. Tourism enterprises. Supplying travel and tourism products. Equilibrium in tourism markets. Tourism growth and national economies...

שמור ב:
מידע ביבליוגרפי
מחבר ראשי: Bull, Adrian.
פורמט: ספר
שפה:English
יצא לאור: Melbourne : Longman, 1995.
מהדורה:2nd ed.
נושאים:
תגים: הוספת תג
אין תגיות, היה/י הראשונ/ה לתייג את הרשומה!
Thư viện lưu trữ: Mạng thư viện Đại học Đà Nẵng
LEADER 01004cam a2200337 i 4500
001 000048641
003 8363
005 20030310095123.0
008 010316|1995 vm 000 eng
020 |a 058280731X 
040 |a IRC  |c IRC  |d IRC 
041 0 |a eng 
082 1 4 |a 338.4791  |b BU-A 
100 1 |a Bull, Adrian. 
245 0 4 |a The economics of travel and tourism /  |c Adrian Bull. 
250 |a 2nd ed. 
260 |a Melbourne :  |b Longman,  |c 1995. 
300 |a x, 267 p. :  |b ill. ;  |c 24cm. 
520 3 |a Resources in tourism. Tourist types. The economics of tourism damand. Tourism enterprises. Supplying travel and tourism products. Equilibrium in tourism markets. Tourism growth and national economies... 
630 0 4 |a Tourism. 
650 0 4 |a Tourism. 
OWN |a DUT 
999 |a From the UDN01 
TYP |a Monograph 
TYP |a Printed language 
980 |a Mạng thư viện Đại học Đà Nẵng